[Event "Trujillo Real CC 8th"]
[Site "Trujillo"]
[Date "2025.06.23"]
[Round "6"]
[White "Vergara Jofre, Felipe Andres"]
[Black "Vera Siguenas, Deivy Anthoni"]
[Result "1/2-1/2"]
[WhiteElo "2175"]
[BlackElo "2431"]
[PlyCount "111"]
[EventDate "2025.06.20"]
[EventType "tourn"]
[EventRounds "9"]
[EventCountry "PER"]
[EventCategory "2"]
[SourceTitle "CB27_2025"]
[SourceDate "2025.07.02"]
[SourceVersion "1"]
[SourceVersionDate "2025.07.02"]
[SourceQuality "1"]

1. e4 c5 2. Nf3 Nc6 3. d4 cxd4 4. Nxd4 Nf6 5. Nc3 h5 6. f3 e5 7. Ndb5 d6 8. Be3 a6 9. Na3 b5 10. Nd5 Nxd5 11. Qxd5 Qc7 12. c4 Be6 13. Qd1 b4 14. Nc2 g6 15. Qd2 a5 16. Be2 f5 17. b3 Be7 18. a3 bxa3 19. Nxa3 0-0 20. Nb5 Qd7 21. exf5 gxf5 22. 0-0 Rad8 23. f4 h4 24. Rad1 e4 25. Qb2 Bf6 26. Qa3 Qg7 27. Rxd6 Be7 28. c5 Bxd6 29. cxd6 Kh7 30. Rc1 Bd7 31. Bc4 h3 32. g3 Nb4 33. Nd4 Nd3 34. Rd1 Qg4 35. Rd2 Ra8 36. Bxd3 exd3 37. Qc5 Rac8 38. Qd5 Rc3 39. Kf2 Qh5 40. Qxa5 Rc1 41. Qd5 Rg8 42. Rxd3 Rxg3 43. hxg3 h2 44. Bxc1 h1Q 45. Qxh1 Qxh1 46. Bd2 Qh2+ 47. Ke1 Qh1+ 48. Ke2 Qh6 49. Bb4 Qh2+ 50. Kd1 Kg7 51. Kc1 Kf8 52. Bc3 Qf2 53. Bd2 Qf1+ 54. Kc2 Qg2 55. Re3 Qd5 56. Nf3 1/2-1/2

[Event "Trujillo Real CC 8th"]
[Site "Trujillo"]
[Date "2025.06.22"]
[Round "5"]
[White "Vera Siguenas, Deivy Anthoni"]
[Black "Sanchez Negreiros, Jose Alberto"]
[Result "1-0"]
[WhiteElo "2431"]
[BlackElo "2224"]
[PlyCount "99"]
[EventDate "2025.06.20"]
[EventType "tourn"]
[EventRounds "9"]
[EventCountry "PER"]
[EventCategory "2"]
[SourceTitle "CB27_2025"]
[SourceDate "2025.07.02"]
[SourceVersion "1"]
[SourceVersionDate "2025.07.02"]
[SourceQuality "1"]

1. e4 e5 2. Nf3 Nc6 3. Bc4 Bc5 4. c3 Nf6 5. d4 exd4 6. e5 d5 7. Bb5 Ne4 8. cxd4 Bb4+ 9. Bd2 Bxd2+ 10. Nbxd2 Bd7 11. Bd3 Bf5 12. Nf1 0-0 13. Ng3 Bg6 14. Qe2 f5 15. 0-0 Qe7 16. a3 Nd8 17. Qc2 Ne6 18. Rfe1 b6 19. b4 c5 20. bxc5 bxc5 21. dxc5 N6xc5 22. Ne2 Be8 23. Nc3 Rd8 24. Red1 Ne6 25. Qb3 Bc6 26. Rac1 Ba8 27. Ne2 Rb8 28. Qa2 Kh8 29. Qa1 Rb3 30. Nfd4 Rxa3 31. Qb2 Ra4 32. Nxe6 Qxe6 33. Qb3 Bc6 34. Nf4 Qh6 35. Nxd5 Rd4 36. Bxe4 fxe4 37. Ne3 Rxd1+ 38. Rxd1 Qf4 39. Qb2 h6 40. Rd6 Ba8 41. g3 Qg5 42. e6 Re8 43. Qd4 a5 44. h4 Qg6 45. Qe5 Bb7 46. e7 Qf7 47. Rd8 Kh7 48. Rxe8 Qxe8 49. Nf5 Kg6 50. Nd6 1-0

[Event "South America-ch"]
[Site "Lima"]
[Date "2023.09.16"]
[Round "3"]
[White "Zambrana, Oswaldo"]
[Black "Vera Siguenas, Deivy Anthoni"]
[Result "1/2-1/2"]
[WhiteElo "2380"]
[BlackElo "2463"]
[PlyCount "24"]
[EventDate "2023.09.14"]
[EventType "swiss"]
[EventRounds "9"]
[EventCountry "PER"]
[SourceTitle "CBM 216 Extra"]
[Source "ChessBase"]
[SourceDate "2023.11.30"]
[SourceVersion "1"]
[SourceVersionDate "2023.11.30"]
[SourceQuality "1"]

1. e4 e5 2. Nf3 Nc6 3. Bc4 Bc5 4. 0-0 Nf6 5. d3 d6 6. a4 a6 7. Be3 Ba7 8. Nbd2 h6 9. Bxa7 Rxa7 10. Ba2 Nh5 11. Nc4 Nf4 12. Ne3 0-0 1/2-1/2

[Event "PER-ch"]
[Site "Lima"]
[Date "2023.09.03"]
[Round "8"]
[White "Vera Siguenas, Deivy Anthoni"]
[Black "Garay Ramirez, Estefano Javier"]
[Result "1-0"]
[WhiteElo "2463"]
[BlackElo "1554"]
[PlyCount "119"]
[EventDate "2023.08.29"]
[EventType "swiss"]
[EventRounds "9"]
[EventCountry "PER"]
[SourceTitle "CBM 216 Extra"]
[Source "ChessBase"]
[SourceDate "2023.11.30"]
[SourceVersion "1"]
[SourceVersionDate "2023.11.30"]
[SourceQuality "1"]

1. d4 Nf6 2. c4 g6 3. h4 c5 4. d5 b5 5. cxb5 a6 6. e3 d6 7. Nc3 Bg7 8. bxa6 0-0 9. Bc4 Nbd7 10. Nge2 Ne5 11. Bb5 Bxa6 12. Bxa6 Rxa6 13. 0-0 Qa8 14. Nf4 Rb8 15. Qc2 Nfd7 16. Rb1 Nc4 17. Nfe2 Ndb6 18. Rd1 Na4 19. Nxa4 Rxa4 20. b3 Na3 21. Bxa3 Rxa3 22. Rd2 h5 23. Rbd1 Qa5 24. Nc1 Rb4 25. g3 c4 26. Re2 c3 27. e4 Rd4 28. Rxd4 Bxd4 29. Qd3 Bg7 30. Rc2 Kh7 31. Qc4 Qa7 32. Kg2 Bf6 33. b4 Qa4 34. Qd3 Qxb4 35. Re2 Qa4 36. Qc2 Qxc2 37. Rxc2 Ra4 38. Kf3 Kg8 39. Ke3 Rb4 40. Ne2 Ra4 41. Kd3 Kf8 42. f3 Kg7 43. f4 Kf8 44. Ng1 Rd4+ 45. Ke3 Rd1 46. Nf3 Bh8 47. Ke2 Ra1 48. Kd3 Rd1+ 49. Kc4 Rf1 50. Nd4 Rd1 51. Nc6 Re1 52. a4 Rxe4+ 53. Kb3 Re1 54. Ra2 Rd1 55. a5 Rb1+ 56. Kc2 Rb5 57. a6 Rxd5 58. a7 Rd2+ 59. Kb3 Rxa2 60. Kxa2 1-0

[Event "PER-ch"]
[Site "Lima"]
[Date "2023.08.31"]
[Round "4"]
[White "Vera Siguenas, Deivy Anthoni"]
[Black "Reyes Zavaleta, Fabian Ricardo"]
[Result "1/2-1/2"]
[WhiteElo "2463"]
[BlackElo "2038"]
[PlyCount "47"]
[EventDate "2023.08.29"]
[EventType "swiss"]
[EventRounds "9"]
[EventCountry "PER"]
[SourceTitle "CBM 216 Extra"]
[Source "ChessBase"]
[SourceDate "2023.11.30"]
[SourceVersion "1"]
[SourceVersionDate "2023.11.30"]
[SourceQuality "1"]

1. e4 c5 2. Nf3 d6 3. c3 Nf6 4. h3 Nc6 5. Bd3 g6 6. Bc2 e5 7. 0-0 Bg7 8. d4 cxd4 9. cxd4 exd4 10. Nxd4 0-0 11. Nxc6 bxc6 12. Ba4 Bb7 13. Nc3 d5 14. exd5 Nxd5 15. Bd2 Nxc3 16. Bxc3 Bxc3 17. bxc3 c5 18. Bb3 Qf6 19. Qg4 Rad8 20. Rad1 Kg7 21. Rfe1 Qxc3 22. Rc1 Qd4 23. Re7 Bd5 24. Bxd5 1/2-1/2

[Event "San Jose Gutierrez Mangel Cup"]
[Site "San Jose"]
[Date "2022.12.24"]
[Round "9"]
[White "Vera Siguenas, Deivy Anthoni"]
[Black "Forgas Moreno, Yaniela"]
[Result "0-1"]
[WhiteElo "2480"]
[BlackElo "2323"]
[PlyCount "106"]
[EventDate "2022.12.19"]
[EventType "tourn"]
[EventRounds "9"]
[EventCountry "CRI"]
[EventCategory "6"]
[SourceTitle "EXT 2024"]
[Source "ChessBase"]
[SourceDate "2023.10.10"]
[SourceVersion "1"]
[SourceVersionDate "2023.10.10"]
[SourceQuality "1"]

1. d4 f5 2. Nf3 Nf6 3. g3 g6 4. Bg2 Bg7 5. 0-0 0-0 6. c4 d6 7. Nc3 c6 8. Qb3 Kh8 9. Rd1 Qc7 10. Qa3 a5 11. c5 Na6 12. Bf4 Nb4 13. Rac1 Qd8 14. cxd6 exd6 15. d5 Nbxd5 16. Bxd6 Re8 17. Ne5 Be6 18. Nxd5 Nxd5 19. Bxd5 cxd5 20. Rc7 Ra6 21. Nc4 b5 22. Rxg7 Kxg7 23. Be5+ Kg8 24. Ne3 Bf7 25. Bd4 Rc6 26. Qd3 Qb8 27. b3 b4 28. h4 Re4 29. Ng2 Qc7 30. e3 Rc2 31. Rd2 Rxd2 32. Qxd2 Kf8 33. Nf4 Qc6 34. Nd3 Re8 35. Qb2 Rc8 36. Bc5+ Kg8 37. Qd4 Qe6 38. f3 Rc6 39. Qf4 Be8 40. Kf2 Rc8 41. Bd4 Bb5 42. Ne1 Ba6 43. h5 gxh5 44. Ng2 Kf7 45. Ne1 Rc1 46. Qb8 Qc6 47. Qe5 Rxe1 48. Qxf5+ Ke8 49. Qxh5+ Kd8 50. Qh4+ Kc8 51. Qh3+ Kb8 52. Kxe1 Qc2 53. Be5+ Ka8 0-1

[Event "San Jose Gutierrez Mangel Cup"]
[Site "San Jose"]
[Date "2022.12.20"]
[Round "3"]
[White "Jimenez Garcia, Emanuel"]
[Black "Vera Siguenas, Deivy Anthoni"]
[Result "1-0"]
[WhiteElo "2383"]
[BlackElo "2480"]
[PlyCount "73"]
[EventDate "2022.12.19"]
[EventType "tourn"]
[EventRounds "9"]
[EventCountry "CRI"]
[EventCategory "6"]
[SourceTitle "EXT 2024"]
[Source "ChessBase"]
[SourceDate "2023.10.10"]
[SourceVersion "1"]
[SourceVersionDate "2023.10.10"]
[SourceQuality "1"]

1. Nf3 Nf6 2. g3 g6 3. b3 Bg7 4. Bb2 0-0 5. Bg2 d6 6. d4 c5 7. c4 cxd4 8. Nxd4 d5 9. cxd5 Nxd5 10. 0-0 Qa5 11. Qd2 Qxd2 12. Nxd2 Rd8 13. Nc4 Na6 14. Rad1 Nac7 15. Rd2 Nb6 16. Na5 e5 17. Nf3 Rxd2 18. Nxd2 Nbd5 19. Rc1 Bh6 20. Rc2 f6 21. Ne4 Bf5 22. Nxb7 Ne8 23. Rc5 Ne7 24. Nc3 Rb8 25. Ra5 Bd2 26. Rxa7 Rc8 27. Nd5 Nxd5 28. Bxd5+ Kh8 29. Bc4 Be4 30. a4 Bb4 31. a5 Ng7 32. f4 Nf5 33. fxe5 Bd2 34. Nd6 Be3+ 35. Kf1 Rxc4 36. bxc4 Bxa7 37. exf6 1-0

[Event "PER-ch"]
[Site "Lima"]
[Date "2022.05.18"]
[Round "2"]
[White "Vera Siguenas, Deivy Anthoni"]
[Black "Alvarado Zamora, Albert"]
[Result "1-0"]
[WhiteElo "2498"]
[BlackElo "2148"]
[PlyCount "91"]
[EventDate "2022.05.17"]
[EventType "swiss"]
[EventRounds "9"]
[EventCountry "PER"]
[SourceTitle "EXT 2023"]
[Source "ChessBase"]
[SourceDate "2022.10.05"]
[SourceVersion "1"]
[SourceVersionDate "2022.10.05"]
[SourceQuality "1"]

1. d4 g6 2. c4 Bg7 3. Nc3 d6 4. e4 Nc6 5. Be3 e5 6. d5 Nd4 7. Nge2 Nxe2 8. Bxe2 h5 9. c5 Bh6 10. Bxh6 Nxh6 11. cxd6 cxd6 12. Qa4+ Bd7 13. Bb5 Bxb5 14. Qxb5+ Qd7 15. Qb4 0-0 16. 0-0 f5 17. Nb5 fxe4 18. Nxd6 Qe7 19. Qc5 Rad8 20. Nxe4 Qxc5 21. Nxc5 Rxd5 22. Ne4 Nf5 23. Rac1 Nd4 24. Rfe1 Nc6 25. h3 Rd4 26. a3 Rc8 27. b4 a6 28. Nc5 Nd8 29. Kh2 Rd5 30. Rcd1 Rd4 31. Rxd4 exd4 32. Re4 Nc6 33. Nxb7 d3 34. Re3 Rb8 35. Nd6 Rd8 36. Rxd3 Kf8 37. Rf3+ Ke7 38. Nb7 Rb8 39. Re3+ Kf7 40. Rc3 Nd4 41. Rc7+ Ke6 42. Nc5+ Kd5 43. Nxa6 Ra8 44. Rd7+ Ke5 45. Nc5 Rxa3 46. f4+ 1-0

[Event "PER-ch"]
[Site "Lima"]
[Date "2022.05.17"]
[Round "1"]
[White "Santiago Lastra, Nefi"]
[Black "Vera Siguenas, Deivy Anthoni"]
[Result "0-1"]
[WhiteElo "1923"]
[BlackElo "2498"]
[PlyCount "63"]
[EventDate "2022.05.17"]
[EventType "swiss"]
[EventRounds "9"]
[EventCountry "PER"]
[SourceTitle "EXT 2023"]
[Source "ChessBase"]
[SourceDate "2022.10.05"]
[SourceVersion "1"]
[SourceVersionDate "2022.10.05"]
[SourceQuality "1"]

1. e4 c5 2. c4 Nc6 3. Nc3 a6 4. g3 Rb8 5. a4 g6 6. Bg2 Bg7 7. Nge2 d6 8. 0-0 Nf6 9. h3 0-0 10. d3 Ne8 11. f4 Nc7 12. f5 b5 13. Kh1 Ne5 14. fxg6 hxg6 15. cxb5 axb5 16. a5 b4 17. Na4 Ba6 18. Nf4 Ne6 19. Nb6 Nxf4 20. Rxf4 Nxd3 21. Bf1 Nxf4 22. Bxa6 Nh5 23. Qb3 Rxb6 24. axb6 Qxb6 25. Be2 c4 26. Qxc4 Nxg3+ 27. Kg2 Nxe2 28. Qxe2 Rc8 29. h4 b3 30. Kh3 Qg1 31. Qg4 Qh1+ 32. Kg3 0-1

[Event "Medellin Tierra de Atletas-A"]
[Site "Medellin"]
[Date "2020.12.15"]
[Round "8"]
[White "Quesada Perez, Luis Ernesto"]
[Black "Vera Siguenas, Deivy Anthoni"]
[Result "1/2-1/2"]
[WhiteElo "2542"]
[BlackElo "2503"]
[PlyCount "116"]
[EventDate "2020.12.10"]
[EventType "tourn"]
[EventRounds "11"]
[EventCountry "COL"]
[EventCategory "8"]
[SourceTitle "CBM 199 Extra"]
[Source "ChessBase"]
[SourceDate "2021.01.31"]
[SourceVersion "1"]
[SourceVersionDate "2021.01.31"]
[SourceQuality "1"]

1. d4 Nf6 2. Bg5 Ne4 3. Bf4 d5 4. e3 Bf5 5. f3 Nd6 6. Nd2 e6 7. c4 dxc4 8. Nxc4 Nxc4 9. Bxc4 Bb4+ 10. Kf2 0-0 11. Ne2 Nd7 12. Rc1 Bd6 13. Bxd6 cxd6 14. Bb3 d5 15. Qd2 Rc8 16. Ng3 Bg6 17. Rxc8 Qxc8 18. Rc1 Qb8 19. Qc3 Nb6 20. Qc7 Qa8 21. Rc5 Rc8 22. Qd6 Rd8 23. Qf4 Rc8 24. a4 Nd7 25. Rc7 e5 26. Rxc8+ Qxc8 27. Qg4 Qc6 28. Ne2 e4 29. Nc3 Nf6 30. Qf4 h6 31. a5 exf3 32. gxf3 Qa6 33. Bd1 Qxa5 34. Qb8+ Kh7 35. Qxb7 Qa1 36. Qb5 Qc1 37. Qe2 h5 38. Ke1 Qa1 39. Qd2 Bf5 40. h4 g6 41. Ne2 Nd7 42. Kf2 Qa6 43. Nf4 Qf6 44. Kg3 Nb6 45. Bb3 Qc6 46. Qc3 Qb5 47. Kf2 a5 48. Bd1 a4 49. Be2 Qd7 50. Qc5 Qd8 51. Kg3 g5 52. hxg5 Qxg5+ 53. Kf2 Qh4+ 54. Kg2 Qg5+ 55. Kf2 Qh4+ 56. Kg2 Qg5+ 57. Kf1 h4 58. Qxb6 h3 1/2-1/2

[Event "Medellin Tierra de Atletas-A"]
[Site "Medellin"]
[Date "2020.12.15"]
[Round "9"]
[White "Vera Siguenas, Deivy Anthoni"]
[Black "Sanchez, Sebastian Felipe"]
[Result "1/2-1/2"]
[WhiteElo "2503"]
[BlackElo "2431"]
[PlyCount "57"]
[EventDate "2020.12.10"]
[EventType "tourn"]
[EventRounds "11"]
[EventCountry "COL"]
[EventCategory "8"]
[SourceTitle "CBM 199 Extra"]
[Source "ChessBase"]
[SourceDate "2021.01.31"]
[SourceVersion "1"]
[SourceVersionDate "2021.01.31"]
[SourceQuality "1"]

1. e4 c5 2. Nf3 e6 3. d4 cxd4 4. Nxd4 Nc6 5. Nc3 Qc7 6. Be2 a6 7. 0-0 Nf6 8. Be3 Be7 9. f4 d6 10. a4 0-0 11. Kh1 Re8 12. Bf3 Rb8 13. g4 Nxd4 14. Bxd4 e5 15. fxe5 dxe5 16. Ba7 Ra8 17. g5 Rd8 18. Qe2 Ne8 19. Be3 Be6 20. Qf2 Rdc8 21. Bg4 Nd6 22. Bxe6 fxe6 23. g6 Rf8 24. Qg2 hxg6 25. Qxg6 Rf6 26. Qg4 Qc4 27. Rg1 Rf7 28. Bh6 Ne8 29. Rg3 1/2-1/2

[Event "Medellin Tierra de Atletas-A"]
[Site "Medellin"]
[Date "2020.12.14"]
[Round "7"]
[White "Vera Siguenas, Deivy Anthoni"]
[Black "Cardoso Cardoso, Jose Gabriel"]
[Result "1/2-1/2"]
[WhiteElo "2503"]
[BlackElo "2401"]
[PlyCount "85"]
[EventDate "2020.12.10"]
[EventType "tourn"]
[EventRounds "11"]
[EventCountry "COL"]
[EventCategory "8"]
[SourceTitle "CBM 199 Extra"]
[Source "ChessBase"]
[SourceDate "2021.01.31"]
[SourceVersion "1"]
[SourceVersionDate "2021.01.31"]
[SourceQuality "1"]

1. e4 c5 2. Nf3 d6 3. Bb5+ Nd7 4. Ba4 Ngf6 5. 0-0 a6 6. c4 g6 7. Nc3 Bg7 8. d3 0-0 9. Rb1 b6 10. b4 Bb7 11. bxc5 Nxc5 12. Bc2 Rc8 13. Bg5 Ncd7 14. Qd2 Ba8 15. Rfc1 b5 16. Bb3 b4 17. Nd5 a5 18. Ba4 Nc5 19. Bb5 e6 20. Nxf6+ Bxf6 21. Bh6 Bg7 22. a3 bxa3 23. Bxg7 Kxg7 24. Qc3+ Kg8 25. Qxa3 f5 26. d4 Nxe4 27. Ra1 Qf6 28. Qd3 e5 29. d5 Nc5 30. Qc3 a4 31. Rd1 Bb7 32. Bxa4 Rc7 33. Bb5 g5 34. Nd2 g4 35. Ra7 Rcf7 36. Bc6 Bxc6 37. Rxf7 Qxf7 38. dxc6 Qc7 39. Qe3 Qxc6 40. Qg5+ Kh8 41. Qe7 Kg8 42. Qg5+ Kh8 43. Qe7 1/2-1/2